[Event "Pszczyna op 4th"]
[Site "Pszczyna"]
[Date "2008.07.19"]
[Round "8"]
[White "Paluch, Antoni"]
[Black "Blasiak, Miroslaw"]
[Result "1/2-1/2"]
[WhiteElo "1677"]
[BlackElo "2003"]
[PlyCount "65"]
[EventDate "2008.07.15"]
[EventType "swiss"]
[EventRounds "9"]
[EventCountry "POL"]
[SourceTitle "CBM 125 Extra"]
[Source "ChessBase"]
[SourceDate "2008.09.01"]
[SourceVersion "1"]
[SourceVersionDate "2008.09.01"]
[SourceQuality "1"]

1. e4 e5 2. d4 exd4 3. Nf3 Nc6 4. Bc4 Nf6 5. e5 d5 6. Bb5 Ne4 7. Bxc6+ bxc6 8. Nxd4 Bd7 9. 0-0 Bc5 10. Nb3 Bb6 11. N1d2 Nxd2 12. Bxd2 0-0 13. a4 a6 14. Kh1 f6 15. a5 Ba7 16. exf6 Qxf6 17. Bc3 Qh4 18. f3 Rae8 19. Bd4 Bxd4 20. Qxd4 Qxd4 21. Nxd4 c5 22. Nb3 c4 23. Nc5 Bc8 24. Rfe1 Kf7 25. Kg1 Re7 26. Kf2 Rfe8 27. Rxe7+ Rxe7 28. Ra3 Re5 29. Re3 Rh5 30. Rc3 Ke7 31. h3 Kd6 32. b4 cxb3 33. Nxb3 1/2-1/2

[Event "Pszczyna op 4th"]
[Site "Pszczyna"]
[Date "2008.07.17"]
[Round "4"]
[White "Paluch, Antoni"]
[Black "Wiewiora, Eneasz"]
[Result "0-1"]
[WhiteElo "1677"]
[BlackElo "1992"]
[PlyCount "86"]
[EventDate "2008.07.15"]
[EventType "swiss"]
[EventRounds "9"]
[EventCountry "POL"]
[SourceTitle "CBM 125 Extra"]
[Source "ChessBase"]
[SourceDate "2008.09.01"]
[SourceVersion "1"]
[SourceVersionDate "2008.09.01"]
[SourceQuality "1"]

1. e4 e6 2. d4 d5 3. e5 c5 4. c3 Qb6 5. Nf3 Bd7 6. Be2 Bb5 7. 0-0 Bxe2 8. Qxe2 Nd7 9. Be3 cxd4 10. cxd4 Ne7 11. Nc3 Nc6 12. Rac1 Be7 13. Rfd1 0-0 14. a3 Rfc8 15. Qb5 Qxb5 16. Nxb5 a6 17. Nc3 Na5 18. Nd2 Nb6 19. Rc2 Rc6 20. Rdc1 Rac8 21. Kf1 Nbc4 22. Nxc4 Rxc4 23. Ke2 Nb3 24. Rd1 Bxa3 25. bxa3 Rxc3 26. Rxc3 Rxc3 27. Rd3 Rxd3 28. Kxd3 Kf8 29. Kc3 Na5 30. Kb4 b6 31. a4 Ke7 32. Bc1 Kd7 33. h3 Kc6 34. h4 Nc4 35. g3 g6 36. g4 a5+ 37. Kb3 b5 38. axb5+ Kxb5 39. g5 Nb6 40. Bd2 Nc8 41. Bc1 Ne7 42. Bd2 Nf5 43. f3 Nxd4+ 0-1

[Event "Pszczyna op 4th"]
[Site "Pszczyna"]
[Date "2008.07.17"]
[Round "5"]
[White "Sadowski, Krzysztof"]
[Black "Paluch, Antoni"]
[Result "1-0"]
[WhiteElo "1879"]
[BlackElo "1677"]
[PlyCount "129"]
[EventDate "2008.07.15"]
[EventType "swiss"]
[EventRounds "9"]
[EventCountry "POL"]
[SourceTitle "CBM 125 Extra"]
[Source "ChessBase"]
[SourceDate "2008.09.01"]
[SourceVersion "1"]
[SourceVersionDate "2008.09.01"]
[SourceQuality "1"]

1. d3 d5 2. Nf3 Nc6 3. g3 e5 4. Bg2 Nf6 5. c4 dxc4 6. Qa4 Bb4+ 7. Nbd2 Bxd2+ 8. Bxd2 0-0 9. Qxc4 Be6 10. Qb5 e4 11. dxe4 Nxe4 12. Bf4 Nd4 13. Nxd4 Qxd4 14. Be3 Qd5 15. Qa4 Bf5 16. 0-0 Qe6 17. Rfd1 Rfd8 18. Rxd8+ Rxd8 19. Qxa7 Qc8 20. Qa4 Nd6 21. Qb4 Bg4 22. Re1 b6 23. Bg5 Re8 24. e4 f6 25. Bf4 Nf7 26. Rc1 Ne5 27. Bxe5 Rxe5 28. Qc4+ Be6 29. Qxc7 Qxc7 30. Rxc7 Bxa2 31. f4 Rb5 32. Rc2 Bb1 33. Rd2 Rc5 34. Kf2 Rc2 35. Rxc2 Bxc2 36. Ke3 Kf7 37. Kd4 Ke6 38. Bf1 Ba4 39. Bc4+ Ke7 40. b3 Bc6 41. Bd5 Bb5 42. e5 h6 43. exf6+ Kxf6 44. Bg8 Bc6 45. Bh7 g6 46. Bg8 h5 47. Bc4 g5 48. fxg5+ Kxg5 49. Be2 h4 50. Ke5 Be8 51. Kd6 hxg3 52. hxg3 Kf5 53. Kc7 b5 54. Kb6 Bf7 55. b4 Bc4 56. Bf3 Kg5 57. Kc5 Bf1 58. Bc6 Kg4 59. Bxb5 Bg2 60. Bd7+ Kxg3 61. b5 Kf4 62. Kd6 Ke3 63. b6 Bb7 64. Kc7 Bd5 65. Bc6 1-0

[Event "Pszczyna op 3rd"]
[Site "Pszczyna"]
[Date "2007.07.18"]
[Round "4"]
[White "Czernicki, Bogdan"]
[Black "Paluch, Antoni"]
[Result "1-0"]
[WhiteElo "2094"]
[BlackElo "1638"]
[PlyCount "71"]
[EventDate "2007.07.17"]
[EventType "swiss"]
[EventRounds "9"]
[EventCountry "POL"]
[SourceTitle "EXT 2011"]
[Source "ChessBase"]
[SourceDate "2010.11.26"]
[SourceVersion "1"]
[SourceVersionDate "2010.11.26"]
[SourceQuality "1"]

1. d4 d5 2. Nf3 Nf6 3. Bg5 e6 4. e3 c6 5. Nbd2 Nbd7 6. Bd3 Bd6 7. 0-0 Qc7 8. c4 h6 9. Bxf6 gxf6 10. c5 Be7 11. e4 Nf8 12. e5 f5 13. b4 Ng6 14. Ne1 Nf4 15. Qf3 Bg5 16. Nb3 Rg8 17. g3 Ng6 18. Ng2 Qd8 19. b5 Bd7 20. a4 Rb8 21. Kh1 h5 22. Qxh5 Rh8 23. Qe2 Ke7 24. f4 Bh6 25. g4 Qg8 26. gxf5 exf5 27. Rf2 Qh7 28. Raf1 Bg5 29. Ne3 Bh4 30. Rg2 Qh6 31. e6 Nxf4 32. Nxf5+ Ke8 33. exd7+ Kxd7 34. Nxh6 Nxe2 35. Rxf7+ Ke8 36. Rxe2+ 1-0

[Event "POL-chT3 U19 Slaska"]
[Site "Slask"]
[Date "2007.02.10"]
[Round "3.19"]
[White "Paluch, Antoni"]
[Black "Wiczynski, Artur"]
[Result "0-1"]
[WhiteElo "1659"]
[BlackElo "1766"]
[PlyCount "66"]
[EventDate "2007.01.27"]
[EventType "team-tourn"]
[EventRounds "11"]
[EventCountry "POL"]
[SourceTitle "EXT 2019"]
[Source "ChessBase"]
[SourceDate "2018.10.10"]
[SourceVersion "1"]
[SourceVersionDate "2018.10.10"]
[SourceQuality "1"]
[WhiteTeam "Imielin MKSz Diagonalia U19"]
[BlackTeam "Jastrzebie Zdroj Pionier U19 II"]
[WhiteTeamCountry "POL"]
[BlackTeamCountry "POL"]

1. e4 c5 2. Nf3 Nc6 3. d4 cxd4 4. Nxd4 e5 5. Nb5 d6 6. N1c3 a6 7. Na3 b5 8. Nd5 Nf6 9. Bg5 Be7 10. Bxf6 Bxf6 11. Be2 0-0 12. 0-0 Bg5 13. c3 Ne7 14. c4 Nxd5 15. cxd5 f5 16. f3 Bd7 17. Nc2 Rc8 18. exf5 Bxf5 19. Nb4 a5 20. Nc6 Qb6+ 21. Kh1 Bd7 22. Qb3 b4 23. Bd3 Kh8 24. Be4 Rf6 25. a3 Rh6 26. g3 Bh3 27. axb4 Bxf1 28. Rxf1 axb4 29. f4 exf4 30. gxf4 Bf6 31. f5 Re8 32. Bg2 Qe3 33. Qxb4 Qg3 0-1